| 000 | 00805nam a2200241 i 4500 | ||
|---|---|---|---|
| 001 | 000038539 | ||
| 003 | DO-SdBNP | ||
| 005 | 20260204102407.0 | ||
| 008 | 260204s2016 dr ac r 000 0 spa d | ||
| 040 |
_aDO-SdBNP _bspa _cBNPHU _erda |
||
| 041 | _aspa | ||
| 082 |
_axxxx _bS211g _222 |
||
| 100 | 1 |
_aSánchez Fernández, Kin _eautor _964878 |
|
| 245 | 1 | 0 |
_aGuíde des anecdotes, contes, chroniques et légendes de la ville coloniale de Saint-Domingue / _cKin Sánchez Fernández. |
| 264 |
_aSanto Domingo : _bTout Ce Dont Vous Réves, _c2016 |
||
| 300 |
_a101 páginas : _bil.ustraciones retratos. ; _c20 cm. |
||
| 336 |
_ardacontent _btexto _2txt |
||
| 337 |
_ardamedia _bsin mediación _2n |
||
| 338 |
_ardacarrier _bvolumen _2nc |
||
| 590 | _aInventariado, 2026/DG | ||
| 910 | _aDG | ||
| 942 |
_2ddc _cLBS1 |
||
| 999 |
_c60215 _d60215 |
||